000 00670 a2200181 4500
003 Nust
005 20170207153545.0
040 _cNust
082 _a005.1
100 _aAfzal, Usman, (MSCS-13)
245 _aBackward-Transliteration of Roman Urdu Based on Probabilistic Model
_cAfzal, Usman,
260 _bMCS,NUST
_cMarch 2010
_aRawalpindi
300 _aviii, 61, p;
505 _aIntroduction (page-1) Background and literature review (page-6) Research methodology (page-17) Analysis of vowel & consonant mappings (page-18) Implementation and results (page-44) Conclusion (page-53)
538 _aAlmirah No 69 Shelf No 5
650 _aPG Thesise
651 _aMSCS-13
942 _cTHS
999 _c188603
_d188603